Three Most Populous Countries By Each Letter - Statistics

General Stats
  • This quiz has been taken 90,111 times
    84,852 since last reset
  • The average score is 47 of 65
Answers on the Map
Answers color-coded by a green-red scale on the quiz's map according to % correct below.
 
Answer Stats
Hint Population Answer % Correct
C 1,433,951,242 China
97%
B 216,132,689 Brazil
96%
I 1,425,526,303 India
96%
U 343,146,617 United States
96%
R 144,571,708 Russia
95%
F 67,472,716 France
94%
A 45,707,942 Argentina
92%
U 68,214,698 United Kingdom
92%
G 83,300,659 Germany
90%
I 276,997,137 Indonesia
90%
J 123,443,840 Japan
90%
M 128,242,980 Mexico
90%
C 38,707,399 Canada
88%
E 112,324,948 Egypt
85%
N 26,973,646 Niger
85%
I 89,022,012 Iran
84%
N 222,608,776 Nigeria
84%
Y 34,278,975 Yemen
84%
A 45,452,331 Algeria
83%
P 239,417,918 Pakistan
83%
O 4,628,019 Oman
82%
V 98,712,274 Vietnam
82%
D 101,513,564 D. R. Congo
81%
T 85,716,547 Turkey
81%
Z 16,584,368 Zimbabwe
81%
E 125,808,588 Ethiopia
80%
V 28,706,544 Venezuela
80%
Z 20,443,412 Zambia
80%
S 60,290,410 South Africa
79%
C 52,026,389 Colombia
77%
B 172,558,793 Bangladesh
76%
T 71,780,134 Thailand
76%
K 19,558,705 Kazakhstan
74%
Q 2,711,366 Qatar
74%
P 116,938,230 Philippines
73%
S 51,792,828 South Korea
73%
S 47,828,227 Sudan
73%
D 6,014,900 Denmark
72%
F 5,543,972 Finland
72%
P 41,372,232 Poland
71%
A 41,985,150 Afghanistan
69%
K 54,853,960 Kenya
69%
L 7,610,643 Laos
66%
H 11,692,869 Haiti
62%
H 10,556,219 Honduras
62%
L 6,870,785 Libya
62%
M 54,489,372 Myanmar
62%
J 11,328,608 Jordan
60%
M 38,339,619 Morocco
60%
R 20,005,532 Romania
60%
U 48,281,755 Uganda
59%
T 66,994,260 Tanzania
58%
V 333,300 Vanuatu
58%
F 934,511 Fiji
57%
H 10,222,004 Hungary
57%
J 2,826,072 Jamaica
57%
D 11,310,170 Dominican Republic
56%
G 33,975,459 Ghana
54%
R 14,022,877 Rwanda
50%
E 18,148,272 Ecuador
49%
N 30,819,498 Nepal
44%
K 6,711,434 Kyrgyzstan
42%
G 18,034,593 Guatemala
40%
L 5,391,722 Liberia
37%
B 23,119,590 Burkina Faso
24%
No matching quizzes found
Score Distribution
Percent of People with Each Score
Percentile by Number Answered
Your Score History
You have not taken this quiz since the last reset